Europa League Runner-ups - Statistics

General Stats
  • This quiz has been taken 31 times
  • The average score is 30 of 54
Answer Stats
YEAR WINNER RUNNER-UP % Correct
2021 Villarreal CF Manchester United
96%
2025 Tottenham Hotspur Manchester United
96%
2000 Galatasaray Arsenal FC
87%
2019 Chelsea FC Arsenal FC
87%
1991 Internazionale Milano AS Roma
87%
2023 Sevilla FC AS Roma
87%
2024 Atalanta Bayer 04 Leverkusen
87%
1983 RSC Anderlecht Benfica
87%
2013 Chelsea FC Benfica
87%
2014 Sevilla FC Benfica
87%
2008 Zenit Saint Petersburg Glasgow Rangers
87%
2022 Eintracht Frankfurt Glasgow Rangers
87%
1997 Schalke 04 Internazionale Milano
83%
2020 Sevilla FC Internazionale Milano
83%
2016 Sevilla FC Liverpool FC
83%
2017 Manchester United AFC Ajax
78%
1993 Juventus FC Borussia Dortmund
78%
2002 Feyenoord Borussia Dortmund
78%
1995 Parma Juventus FC
78%
2003 FC Porto Celtic FC
65%
1999 Parma Olympique de Marseille
65%
2004 Valencia CF Olympique de Marseille
65%
2018 Atlético Madrid Olympique de Marseille
65%
2011 FC Porto SC Braga
65%
2015 Sevilla FC FC Dnipro
61%
2010 Atlético Madrid Fulham FC
61%
1977 Juventus FC Athletic Bilbao
57%
2012 Atlético Madrid Athletic Bilbao
57%
2005 CSKA Moscow Sporting CP
52%
1998 Internazionale Milano SS Lazio
52%
1984 Tottenham Hotspur RSC Anderlecht
48%
2009 Shaktar Donetsk Werder Bremen
48%
2001 Liverpool FC Deportivo Alavés
43%
1974 Feyenoord Tottenham Hotspur
43%
1990 Juventus FC Fiorentina
39%
1972 Tottenham Hotspur Wolverhampton Wanderers
39%
1973 Liverpool FC Börussia Monchengladbach
35%
1980 Eintracht Frankfurt Börussia Monchengladbach
35%
2006 Sevilla FC Middlesbrough FC
35%
1996 Bayern München Girondins de Bordeaux
30%
1982 IFK Göteborg Hamburger SV
30%
1988 Bayer 04 Leverkusen RCD Espanyol
30%
2007 Sevilla FC RCD Espanyol
30%
1989 Napoli FC VfB Stuttgart
30%
1981 Ipswich Town AZ Alkmaar
26%
1979 Börussia Monchengladbach FK Crvena Zvezda
26%
1992 AFC Ajax Torino FC
22%
1986 Real Madrid 1. FC Köln
13%
1976 Liverpool FC Club Brugge
13%
1975 Börussia Monchengladbach FC Twente
13%
1985 Real Madrid Fehérvár FC
13%
1994 Internazionale Milano Austria Salzburg
9%
1987 IFK Göteborg Dundee United
9%
1978 PSV Eindhoven SC Bastia
9%
No matching quizzes found
Score Distribution
Percent of People with Each Score
Percentile by Number Answered
Your Score History
You have not taken this quiz